000 00464cam a2200157 4500
082 _a510.3326
_bPOR
_cL-2, P-34
100 1 _aPorter, Walter Lee.
_939089
245 1 0 _aMathematics of investment.
260 _aNew York,
_bPrentice-Hall,
_c1949.
300 _avi, 153 p.
_c24 cm.
490 1 _aPrentice-Hall mathematics series
526 _a0
_b0
_c0
_d510_332600000000000_POR
650 0 _aInvestments
_xMathematics.
_939090
650 0 _aMCE
_9379
942 _2ddc
_cBK
999 _c543646
_d543646